000 01521nam a2200289 i 4500
003 DO-SdBNP
005 20250625113054.0
007 ta
008 250625b2024 dr a|||| |||| 00| p spa d
020 _a9789945948110
040 _aDO-SdBNP
_bspa
_cBNPHU
_erda
082 _aRD861.44
_bE48
_222
100 1 _aElmúdesi, Leonor
_eautora
_4aut.
_987436
245 1 3 _aEl cielo mira /
_cLeonor Elmúdesi : ilustraciones, Paula Bonnelly
264 1 _aSanto Domingo :
_bEditora Amigo del Hogar,
_c2024.
300 _a[102] páginas ;
_bilustraciones
_c21 cm.
336 _atexto
_btxt
_2rdacontent
337 _asin mediación
_bn
_2rdamedia
338 _avolumen
_bnc
_2rdacarrier
520 _aNo soy poeta, pero sí peregrina. Amante del camino y del silencio. Me detengo, absorta, ante los detalles que habitan el día, el crepúsculo y la noche. Me convoca el mar y el puerto tanto como la palma y el caracol. Magnánimo, el sendero despliega ante mí su pródiga belleza. Esos instantes de comunión con la naturaleza, siempre tan fugaces, intento plasmarlos en tres líneas para que no se diluyan dentro de mí. Aprendí el arte de escribir haikus sola, jugando con las palabras. Evocar en diecisiete sílabas una imagen, a modo de estampa, era un reto. Luego, acompañarlos de ingenio y de belleza otro mayor.
590 _aInventariado, 2025/ YL
650 7 _aPoesía Dominicana
650 7 _aLiteratura Dominicana
700 _aBonnelly, Paula
_eilustrador
_4il.
_988184
910 _aYLockward
942 _2ddc
_cLBS1
999 _c58723
_d58723